[Event "Aragon-chT Preferente Gr II"]
[Site "Aragon"]
[Date "2018.03.17"]
[Round "8.59"]
[White "Martinez Carnicer, Eduardo"]
[Black "Santos Morales, Julio Cesar"]
[Result "0-1"]
[WhiteElo "1738"]
[BlackElo "1904"]
[PlyCount "52"]
[EventDate "2018.01.27"]
[EventType "team-tourn"]
[EventRounds "9"]
[EventCountry "ESP"]
[SourceTitle "EXT 2019"]
[Source "ChessBase"]
[SourceDate "2018.10.10"]
[SourceVersion "1"]
[SourceVersionDate "2018.10.10"]
[SourceQuality "1"]
[WhiteTeam "Sabinanigo"]
[BlackTeam "Marcos Frechin II"]
[WhiteTeamCountry "ESP"]
[BlackTeamCountry "ESP"]

1. e4 d5 2. exd5 Qxd5 3. Nc3 Qd6 4. d4 Nf6 5. Nf3 a6 6. h3 e6 7. Bd3 Nbd7 8. 0-0 Be7 9. Re1 0-0 10. Bg5 Re8 11. Qd2 b5 12. Bf4 Qb6 13. a3 c5 14. dxc5 Nxc5 15. Qe3 Bb7 16. b4 Ncd7 17. Qe2 Rac8 18. Ne4 Nxe4 19. Bxe4 Bxe4 20. Qxe4 Nf6 21. Qe2 Rc4 22. Be3 Qc7 23. c3 Nd5 24. Bd4 Nxc3 25. Qd3 Rd8 26. Rac1 Ne2+ 0-1

[Event "Aragon-chT Preferente Gr II"]
[Site "Aragon"]
[Date "2018.03.10"]
[Round "7.71"]
[White "Santos Morales, Julio Cesar"]
[Black "Marcellan Peire, Jesus Eduardo"]
[Result "1/2-1/2"]
[WhiteElo "1904"]
[BlackElo "1934"]
[PlyCount "129"]
[EventDate "2018.01.27"]
[EventType "team-tourn"]
[EventRounds "9"]
[EventCountry "ESP"]
[SourceTitle "EXT 2019"]
[Source "ChessBase"]
[SourceDate "2018.10.10"]
[SourceVersion "1"]
[SourceVersionDate "2018.10.10"]
[SourceQuality "1"]
[WhiteTeam "Marcos Frechin II"]
[BlackTeam "Ejea"]
[WhiteTeamCountry "ESP"]
[BlackTeamCountry "ESP"]

1. d4 Nf6 2. Nf3 g6 3. b3 Bg7 4. Bb2 0-0 5. e3 d5 6. c4 c6 7. Be2 Bf5 8. Nc3 Nbd7 9. 0-0 Re8 10. Nh4 Be6 11. cxd5 Bxd5 12. Nxd5 Nxd5 13. Nf3 N7f6 14. Qd3 Qc7 15. Rac1 Rad8 16. Rfd1 Nd7 17. Qc4 Qb8 18. b4 a6 19. Qb3 e6 20. Rc2 Bf8 21. a3 Bd6 22. e4 Nf4 23. Bf1 Nh5 24. Qc3 Bf8 25. Bc1 Bg7 26. Bg5 Rc8 27. Qe3 Nhf6 28. Bf4 Qa8 29. h3 Red8 30. Rcd2 Qa7 31. Ne5 Qa8 32. Nc4 Ne8 33. h4 h5 34. Be2 b5 35. Na5 e5 36. dxe5 Nxe5 37. Rxd8 Rxd8 38. Rxd8 Qxd8 39. Bxe5 Bxe5 40. Nxc6 Qd6 41. Nxe5 Qxe5 42. f4 Qb2 43. e5 Nc7 44. Bf3 Qb1+ 45. Kh2 Qf5 46. Qe4 Qe6 47. Qc6 Qc4 48. Kg3 Ne6 49. Qe4 Kg7 50. f5 Nd4 51. fxg6 fxg6 52. Qb7+ Kh6 53. Qe4 Nf5+ 54. Kh3 Qc1 55. g3 Qg1 56. Bg2 Ne3 57. Qf4+ Kh7 58. Qf7+ Kh6 59. Qf8+ Kh7 60. Qe7+ Kh6 61. Qf8+ Kh7 62. Qf7+ Kh6 63. Qf8+ Kh7 64. Qf7+ Kh6 65. Qf8+ 1/2-1/2

[Event "Masdenverge op 6th"]
[Site "Masdenverge"]
[Date "2017.07.02"]
[Round "7"]
[White "Rodriguez Marin, Jose"]
[Black "Santos Morales, Julio Cesar"]
[Result "0-1"]
[WhiteElo "1618"]
[BlackElo "1879"]
[PlyCount "68"]
[EventDate "2017.06.30"]
[EventType "swiss"]
[EventRounds "7"]
[EventCountry "ESP"]
[SourceTitle "EXT 2019"]
[Source "ChessBase"]
[SourceDate "2018.10.10"]
[SourceVersion "1"]
[SourceVersionDate "2018.10.10"]
[SourceQuality "1"]

1. d4 Nf6 2. Nf3 g6 3. Bg5 Bg7 4. Nbd2 d6 5. e3 Nbd7 6. Be2 0-0 7. c3 b6 8. Qb3 Bb7 9. 0-0 e5 10. dxe5 dxe5 11. e4 Nc5 12. Qc2 Qe8 13. Bxf6 Bxf6 14. Rfe1 Qc6 15. Bf1 Rfe8 16. b4 Ne6 17. g3 Rad8 18. a4 Qd7 19. Rad1 Qe7 20. h4 c5 21. b5 h6 22. Nc4 Ng7 23. Rxd8 Rxd8 24. Ne3 Ne6 25. Ng4 Bg7 26. Qc1 h5 27. Ngxe5 Qf6 28. Bh3 Nf8 29. Qg5 Qd6 30. Nd7 Qd3 31. Re3 Qd1+ 32. Re1 Qxf3 33. Qxd8 Bxe4 34. Rxe4 Qxe4 0-1

[Event "Aragon-chT Preferente B"]
[Site "Aragon"]
[Date "2017.02.25"]
[Round "5.57"]
[White "Santos Morales, Julio Cesar"]
[Black "Fernandez Rubio, Rafael"]
[Result "0-1"]
[WhiteElo "1855"]
[BlackElo "2079"]
[PlyCount "46"]
[EventDate "2017.01.28"]
[EventType "team-tourn"]
[EventRounds "9"]
[EventCountry "ESP"]
[SourceTitle "EXT 2018"]
[Source "ChessBase"]
[SourceDate "2017.10.13"]
[SourceVersion "1"]
[SourceVersionDate "2017.10.13"]
[SourceQuality "1"]
[WhiteTeam "Marcos Frechin II"]
[BlackTeam "Tauste"]
[WhiteTeamCountry "ESP"]
[BlackTeamCountry "ESP"]

1. d4 d6 2. c4 Nf6 3. Nc3 Nbd7 4. e4 e5 5. Nf3 g6 6. dxe5 dxe5 7. Bg5 Bg7 8. Nd5 0-0 9. Bd3 h6 10. Nxf6+ Nxf6 11. Be3 b6 12. Qc2 Ng4 13. Bd2 f5 14. h3 Nf6 15. 0-0-0 fxe4 16. Bxe4 Nxe4 17. Bb4 Nd6 18. Bxd6 cxd6 19. Qxg6 Rf6 20. Qe4 Bf5 21. Qd5+ Kh8 22. Nxe5 Rc8 23. Rhe1 Qc7 0-1

[Event "Aragon-chT Preferente A"]
[Site "Aragon"]
[Date "2016.01.30"]
[Round "1.52"]
[White "Carrasquer Munoz, Alberto"]
[Black "Santos Morales, Julio Cesar"]
[Result "0-1"]
[WhiteElo "1811"]
[BlackElo "1851"]
[PlyCount "42"]
[EventDate "2016.01.30"]
[EventType "team-tourn"]
[EventRounds "9"]
[EventCountry "ESP"]
[SourceTitle "EXT 2018"]
[Source "ChessBase"]
[SourceDate "2017.10.13"]
[SourceVersion "1"]
[SourceVersionDate "2017.10.13"]
[SourceQuality "1"]
[WhiteTeam "IberCaja II"]
[BlackTeam "Marcos Frechin"]
[WhiteTeamCountry "ESP"]
[BlackTeamCountry "ESP"]

1. e4 c6 2. d4 d5 3. Nc3 dxe4 4. Nxe4 Nf6 5. Nxf6+ exf6 6. Bc4 Bd6 7. Ne2 Qc7 8. Be3 b5 9. Bd3 Be6 10. Qd2 Nd7 11. Nf4 0-0 12. Nxe6 fxe6 13. 0-0-0 Rad8 14. Qe2 Rfe8 15. Kb1 e5 16. d5 e4 17. dxc6 exd3 18. Qxd3 Ne5 19. Qxb5 Qxc6 20. Qb3+ Kh8 21. Rd5 Rb8 0-1

[Event "Zaragoza Province-ch Primera"]
[Site "Zaragoza"]
[Date "2015.11.01"]
[Round "5"]
[White "Pascual Sese, Lucas"]
[Black "Santos Morales, Julio Cesar"]
[Result "0-1"]
[WhiteElo "1755"]
[BlackElo "1837"]
[PlyCount "100"]
[EventDate "2015.09.27"]
[EventType "swiss"]
[EventRounds "6"]
[EventCountry "ESP"]
[SourceTitle "CBM 170 Extra"]
[Source "ChessBase"]
[SourceDate "2016.02.25"]
[SourceVersion "1"]
[SourceVersionDate "2016.02.25"]
[SourceQuality "1"]

1. e4 c6 2. d4 d5 3. e5 Bf5 4. f4 e6 5. Nf3 c5 6. Bb5+ Nc6 7. Bxc6+ bxc6 8. c3 Qb6 9. a3 a5 10. 0-0 c4 11. Nbd2 Ne7 12. Rf2 Ng6 13. g3 h5 14. h4 a4 15. Kh2 Be7 16. Ng5 Bg4 17. Ngf3 Bf5 18. Kg2 Bd8 19. Kh2 Ne7 20. Nf1 Bg6 21. Ne3 Qa7 22. Qe2 Bb6 23. Qd2 c5 24. dxc5 Bxc5 25. Nd4 Bxd4 26. cxd4 Nc6 27. f5 Bxf5 28. Nxf5 exf5 29. Rf4 g6 30. Qe3 Rb8 31. Rb1 Rb3 32. Qf2 Kd7 33. Bd2 Rhb8 34. Rxf5 gxf5 35. Qxf5+ Kc7 36. Qxf7+ Kb6 37. Qxd5 Qg7 38. Bf4 Qg6 39. Qc5+ Kb7 40. d5 Nd4 41. e6 Rc8 42. Qe7+ Ka6 43. Qd7 Qe8 44. Bc7 Nb5 45. d6 Nxc7 46. dxc7 Rb7 47. Rd1 Rbxc7 48. Rd6+ Kb7 49. Qxe8 Rxe8 50. Rd5 Rxe6 0-1

[Event "Zaragoza Artistica op"]
[Site "Zaragoza"]
[Date "2013.05.12"]
[Round "8"]
[White "Quintero Rodriguez, John"]
[Black "Santos Morales, Julio Cesar"]
[Result "1-0"]
[WhiteElo "1515"]
[BlackElo "1829"]
[PlyCount "33"]
[EventDate "2013.04.13"]
[EventType "swiss"]
[EventRounds "9"]
[EventCountry "ESP"]
[SourceTitle "CBM 154 Extra"]
[Source "ChessBase"]
[SourceDate "2013.06.25"]
[SourceVersion "2"]
[SourceVersionDate "2013.06.25"]
[SourceQuality "1"]

1. d4 d5 2. e3 e6 3. Bd3 Nf6 4. Nd2 Be7 5. f4 c5 6. c3 Qc7 7. Ngf3 cxd4 8. cxd4 Nc6 9. 0-0 0-0 10. Ne5 Nb4 11. Bb1 Bd7 12. a3 Nc6 13. g4 Rac8 14. g5 Ne8 15. Bxh7+ Kxh7 16. Qh5+ Kg8 17. Rf3 1-0

[Event "Zaragoza Artistica op"]
[Site "Zaragoza"]
[Date "2013.05.11"]
[Round "7"]
[White "Gil Lopez, Francisco Javier"]
[Black "Santos Morales, Julio Cesar"]
[Result "0-1"]
[WhiteElo "1500"]
[BlackElo "1829"]
[PlyCount "34"]
[EventDate "2013.04.13"]
[EventType "swiss"]
[EventRounds "9"]
[EventCountry "ESP"]
[SourceTitle "CBM 154 Extra"]
[Source "ChessBase"]
[SourceDate "2013.06.25"]
[SourceVersion "2"]
[SourceVersionDate "2013.06.25"]
[SourceQuality "1"]

1. a3 d5 2. d4 Nf6 3. Bg5 e6 4. Nf3 Be7 5. e3 Nbd7 6. g3 c5 7. c4 0-0 8. cxd5 exd5 9. Nc3 Re8 10. Bg2 Qb6 11. Na4 Qa5+ 12. Nd2 cxd4 13. 0-0 b5 14. b4 Qxa4 15. Qe2 Bb7 16. exd4 Bxb4 17. Qxe8+ Nxe8 0-1

[Event "Zaragoza Artistica op"]
[Site "Zaragoza"]
[Date "2013.04.27"]
[Round "5"]
[White "Santos Morales, Julio Cesar"]
[Black "Cebollada Pacheco, Jesus Raul"]
[Result "0-1"]
[WhiteElo "1829"]
[BlackElo "2023"]
[PlyCount "67"]
[EventDate "2013.04.13"]
[EventType "swiss"]
[EventRounds "9"]
[EventCountry "ESP"]
[SourceTitle "CBM 154 Extra"]
[Source "ChessBase"]
[SourceDate "2013.06.25"]
[SourceVersion "2"]
[SourceVersionDate "2013.06.25"]
[SourceQuality "1"]

1. d4 Nf6 2. Nf3 g6 3. c4 Bg7 4. Nc3 0-0 5. e4 d6 6. Be2 e5 7. dxe5 dxe5 8. 0-0 Nbd7 9. Qc2 c6 10. b4 Nh5 11. c5 Nf4 12. Bc4 Qe7 13. a3 Nf6 14. Ne2 N6h5 15. Ng3 Bg4 16. Nd2 Rad8 17. f3 Be6 18. Nxh5 Nxh5 19. Bb2 Bh6 20. Nb3 Be3+ 21. Kh1 Qh4 22. Bxe5 Bxc4 23. Qxc4 Bf2 24. Rxf2 Qxf2 25. Rf1 Qa2 26. Qc3 Qe2 27. Rg1 Rd1 28. g4 Rd3 29. Nd4 Rxc3 30. Nxe2 Re3 31. Nc3 Ng7 32. Kg2 Rd3 33. Rd1 Rfd8 34. Re1 0-1

[Event "Zaragoza Artistica op"]
[Site "Zaragoza"]
[Date "2013.04.20"]
[Round "3"]
[White "Santos Morales, Julio Cesar"]
[Black "Romon Poves, Raul"]
[Result "0-1"]
[WhiteElo "1829"]
[BlackElo "2281"]
[PlyCount "48"]
[EventDate "2013.04.13"]
[EventType "swiss"]
[EventRounds "9"]
[EventCountry "ESP"]
[SourceTitle "CBM 154 Extra"]
[Source "ChessBase"]
[SourceDate "2013.06.25"]
[SourceVersion "2"]
[SourceVersionDate "2013.06.25"]
[SourceQuality "1"]

1. d4 g6 2. c4 Bg7 3. Nc3 c5 4. d5 Bxc3+ 5. bxc3 f5 6. g3 Qa5 7. Qd3 Nf6 8. Bg2 d6 9. Nf3 Nbd7 10. 0-0 Nb6 11. Ng5 Qa6 12. Ne6 Bxe6 13. dxe6 0-0-0 14. Bd5 Nbxd5 15. cxd5 Qxd3 16. exd3 Nxd5 17. Bb2 Rhf8 18. f4 Nc7 19. Rfe1 Rf6 20. Re2 Rxe6 21. Rae1 Rxe2 22. Rxe2 Kd7 23. Kf2 Rc8 24. Kf3 c4 0-1